[Event "MPJ_D16"]
[Site "?"]
[Date "2016.03.17"]
[Round "6.1"]
[White "Frej, Zofia"]
[Black "Buchta, Agnieszka"]
[Result "1-0"]
[BlackElo "1807"]
[WhiteElo "1792"]
[LiveChessVersion "1.4.8"]

1. e4 {[%clk 1:30:57]} c5 {[%clk 1:30:50]} 2. Nf3 {[%clk 1:31:19]} d6
{[%clk 1:31:13]} 3. d4 {[%clk 1:31:41]} cxd4 {[%clk 1:31:29]} 4. Nxd4
{[%clk 1:32:05]} Nf6 {[%clk 1:31:51]} 5. Nc3 {[%clk 1:32:27]} Bd7
{[%clk 1:31:52]} 6. g3 {[%clk 1:32:38]} e5 {[%clk 1:25:09]} 7. Nde2
{[%clk 1:32:38]} Bc6 {[%clk 1:23:35]} 8. Bg2 {[%clk 1:32:48]} Be7
{[%clk 1:20:51]} 9. O-O {[%clk 1:32:51]} O-O {[%clk 1:20:45]} 10. h3
{[%clk 1:29:59]} Nbd7 {[%clk 1:19:54]} 11. g4 {[%clk 1:24:17]} b5
{[%clk 1:15:01]} 12. Ng3 {[%clk 1:21:23]} b4 {[%clk 1:10:38]} 13. Nd5
{[%clk 1:21:02]} Nxd5 {[%clk 1:09:13]} 14. exd5 {[%clk 1:21:22]} Bb7
{[%clk 1:09:04]} 15. Bd2 {[%clk 1:15:08]} a5 {[%clk 1:02:29]} 16. a3
{[%clk 1:13:27]} Nb6 {[%clk 0:45:14]} 17. axb4 {[%clk 1:05:37]} axb4
{[%clk 0:45:15]} 18. Rxa8 {[%clk 1:05:51]} Qxa8 {[%clk 0:45:29]} 19. Nf5
{[%clk 1:05:22]} Re8 {[%clk 0:38:35]} 20. Bxb4 {[%clk 0:59:48]} Bxd5
{[%clk 0:26:06]} 21. Bxd5 {[%clk 0:45:05]} Nxd5 {[%clk 0:25:43]} 22. Nxe7+
{[%clk 0:43:51]} Rxe7 {[%clk 0:20:41]} 23. Qf3 {[%clk 0:33:19]} Re6
{[%clk 0:11:51]} 24. Rd1 {[%clk 0:30:47]} e4 {[%clk 0:11:17]} 25. Qa3
{[%clk 0:28:36]} Qc6 {[%clk 0:08:33]} 26. c4 {[%clk 0:24:18]} Nxb4
{[%clk 0:07:38]} 27. Qxb4 {[%clk 0:24:39]} h6 {[%clk 0:07:43]} 28. Rd5
{[%clk 0:18:48]} Qa6 {[%clk 0:06:58]} 29. Ra5 {[%clk 0:16:18]} Qc6
{[%clk 0:06:56]} 30. Qb5 {[%clk 0:15:01]} Qc8 {[%clk 0:05:40]} 31. Qd5
{[%clk 0:14:35]} Qd7 {[%clk 0:03:02]} 32. b4 {[%clk 0:13:36]} g6 {[%clk 0:02:49]}
33. b5 {[%clk 0:12:59]} e3 {[%clk 0:02:41]} 34. Ra8+ {[%clk 0:12:36]} Re8
{[%clk 0:02:37]} 35. fxe3 {[%clk 0:12:52]} Rxa8 {[%clk 0:02:26]} 36. Qxa8+
{[%clk 0:13:15]} Kh7 {[%clk 0:02:20]} 37. b6 {[%clk 0:10:45]} Qe6
{[%clk 0:02:13]} 38. Qf3 {[%clk 0:03:46]} Qxc4 {[%clk 0:01:46]} 39. b7
{[%clk 0:04:10]} Qc7 {[%clk 0:01:16]} 40. Kf2 {[%clk 0:33:44]} Kg7
{[%clk 0:31:16]} 41. Qd5 {[%clk 0:33:28]} Qc2+ {[%clk 0:18:04]} 42. Kf3
{[%clk 0:23:13]} Qb1 {[%clk 0:16:47]} 43. e4 {[%clk 0:22:54]} Qb6
{[%clk 0:16:15]} 44. e5 {[%clk 0:21:02]} dxe5 {[%clk 0:11:53]} 45. Qxe5+
{[%clk 0:21:20]} f6 {[%clk 0:10:49]} 46. Qe7+ {[%clk 0:21:00]} Kg8
{[%clk 0:10:33]} 47. Qe8+ {[%clk 0:21:22]} Kg7 {[%clk 0:10:50]} 48. b8=Q
{[%clk 0:21:37]} 1-0

[Event "MPJ_D16"]
[Site "?"]
[Date "2016.03.17"]
[Round "6.2"]
[White "Krzywnicka, Maria"]
[Black "Trusz, Julia"]
[Result "1/2-1/2"]
[BlackElo "1653"]
[WhiteElo "1646"]
[LiveChessVersion "1.4.8"]

1. e4 {[%clk 1:30:58]} c5 {[%clk 1:30:50]} 2. Nc3 {[%clk 1:31:18]} Nc6
{[%clk 1:31:01]} 3. g3 {[%clk 1:31:37]} g6 {[%clk 1:31:16]} 4. Bg2
{[%clk 1:31:53]} Bg7 {[%clk 1:31:19]} 5. d3 {[%clk 1:32:13]} d6 {[%clk 1:31:25]}
6. Be3 {[%clk 1:32:31]} Rb8 {[%clk 1:30:28]} 7. Qd2 {[%clk 1:29:32]} b5
{[%clk 1:28:16]} 8. Nge2 {[%clk 1:28:40]} Nd4 {[%clk 1:24:52]} 9. O-O
{[%clk 1:26:51]} e6 {[%clk 1:24:29]} 10. Nc1 {[%clk 1:26:29]} b4 {[%clk 1:21:38]}
11. Nd1 {[%clk 1:26:22]} Ba6 {[%clk 1:17:01]} 12. a3 {[%clk 1:24:09]} bxa3
{[%clk 1:09:44]} 13. Rxa3 {[%clk 1:24:13]} Qc8 {[%clk 1:08:55]} 14. c3
{[%clk 1:20:59]} Nc6 {[%clk 1:08:30]} 15. f4 {[%clk 1:16:17]} Nge7
{[%clk 1:07:31]} 16. e5 {[%clk 0:51:38]} dxe5 {[%clk 0:46:44]} 17. Bxc5
{[%clk 0:51:16]} Nf5 {[%clk 0:45:56]} 18. Qf2 {[%clk 0:46:27]} exf4
{[%clk 0:44:16]} 19. Qxf4 {[%clk 0:37:23]} Bb7 {[%clk 0:36:25]} 20. Qf2
{[%clk 0:28:32]} a6 {[%clk 0:29:42]} 21. d4 {[%clk 0:22:36]} Qd7 {[%clk 0:26:53]}
22. d5 {[%clk 0:17:42]} Ne5 {[%clk 0:17:47]} 23. c4 {[%clk 0:11:20]} Nxc4
{[%clk 0:12:40]} 24. dxe6 {[%clk 0:09:55]} fxe6 {[%clk 0:12:20]} 25. Qf4
{[%clk 0:09:24]} Bd4+ {[%clk 0:05:33]} 26. Bxd4 {[%clk 0:07:35]} Qxd4+
{[%clk 0:05:56]} 27. Qxd4 {[%clk 0:07:26]} Nxd4 {[%clk 0:06:19]} 28. Ra4
{[%clk 0:06:11]} Bxg2 {[%clk 0:05:07]} 29. Kxg2 Nd2 30. Rxd4 {[%clk 0:06:01]}
Nxf1 {[%clk 0:05:49]} 31. Kxf1 {[%clk 0:06:22]} Ke7 {[%clk 0:05:19]} 32. Rc4
{[%clk 0:05:47]} Rbd8 {[%clk 0:03:57]} 33. Ke2 {[%clk 0:05:50]} Rd7
{[%clk 0:04:00]} 34. Nd3 {[%clk 0:05:38]} Rhd8 {[%clk 0:03:20]} 35. N1f2
{[%clk 0:05:54]} Rd5 {[%clk 0:03:12]} 36. Rh4 {[%clk 0:04:54]} h5
{[%clk 0:02:58]} 37. Ra4 {[%clk 0:04:50]} a5 {[%clk 0:02:53]} 38. Rc4
{[%clk 0:04:42]} R8d7 {[%clk 0:02:48]} 39. Rc8 {[%clk 0:04:16]} e5
{[%clk 0:02:37]} 40. Ke3 {[%clk 0:33:45]} R7d6 {[%clk 0:31:42]} 41. Rc7+
{[%clk 0:29:15]} Kd8 {[%clk 0:29:25]} 42. Rc5 {[%clk 0:28:13]} Ke7
{[%clk 0:27:15]} 43. Rxd5 {[%clk 0:26:37]} Rxd5 {[%clk 0:27:38]} 44. Ne4
{[%clk 0:20:30]} Rb5 {[%clk 0:25:15]} 45. Nec5 {[%clk 0:19:19]} Kd6
{[%clk 0:23:26]} 46. Ne4+ {[%clk 0:19:29]} Ke6 {[%clk 0:23:04]} 47. Nd2
{[%clk 0:18:36]} Kd5 {[%clk 0:20:21]} 48. Ne4 {[%clk 0:18:17]} Rb3
{[%clk 0:14:52]} 49. Nc3+ {[%clk 0:17:07]} Kd6 {[%clk 0:14:39]} 50. Ke4
{[%clk 0:16:42]} Rb8 {[%clk 0:13:23]} 1/2-1/2

[Event "MPJ_D16"]
[Site "?"]
[Date "2016.03.17"]
[Round "6.3"]
[White "Cieslak, Wiktoria"]
[Black "Trybowska, Barbara"]
[Result "1-0"]
[BlackElo "1536"]
[WhiteElo "1904"]
[LiveChessVersion "1.4.8"]

1. e4 {[%clk 1:30:57]} e5 {[%clk 1:30:55]} 2. Nf3 {[%clk 1:31:17]} Nc6
{[%clk 1:31:19]} 3. d4 {[%clk 1:31:42]} exd4 {[%clk 1:31:43]} 4. Nxd4
{[%clk 1:32:07]} Bc5 {[%clk 1:32:00]} 5. Be3 {[%clk 1:32:21]} Qf6
{[%clk 1:31:41]} 6. c3 {[%clk 1:32:36]} Nge7 {[%clk 1:30:27]} 7. g3
{[%clk 1:32:11]} O-O {[%clk 1:27:56]} 8. Bg2 {[%clk 1:32:07]} Ng6
{[%clk 1:19:51]} 9. O-O {[%clk 1:30:38]} Bb6 {[%clk 1:15:42]} 10. a4
{[%clk 1:21:01]} d6 {[%clk 1:07:12]} 11. Na3 {[%clk 1:17:56]} Qe7
{[%clk 1:00:50]} 12. Nc4 {[%clk 1:16:40]} Be6 {[%clk 0:56:17]} 13. Nxb6
{[%clk 1:12:51]} axb6 {[%clk 0:56:28]} 14. f4 {[%clk 1:11:32]} Nxd4
{[%clk 0:49:48]} 15. Bxd4 {[%clk 1:11:10]} Bc4 {[%clk 0:45:10]} 16. Re1
{[%clk 1:07:58]} c5 {[%clk 0:38:51]} 17. Bf2 {[%clk 1:07:41]} f6 {[%clk 0:38:38]}
18. b3 {[%clk 1:06:41]} Bf7 {[%clk 0:38:55]} 19. c4 {[%clk 1:04:00]} Qc7
{[%clk 0:36:15]} 20. Ra2 {[%clk 1:00:13]} Rad8 {[%clk 0:33:05]} 21. Rd2
{[%clk 0:58:46]} Ne7 {[%clk 0:31:25]} 22. Re3 {[%clk 0:57:59]} Nc8
{[%clk 0:30:56]} 23. h4 {[%clk 0:52:46]} Rfe8 {[%clk 0:28:41]} 24. h5
{[%clk 0:50:04]} Be6 {[%clk 0:21:24]} 25. Red3 {[%clk 0:45:31]} Bd7
{[%clk 0:19:24]} 26. h6 {[%clk 0:37:23]} g6 {[%clk 0:14:04]} 27. Qa1
{[%clk 0:31:52]} Rf8 {[%clk 0:08:03]} 28. e5 {[%clk 0:28:18]} dxe5
{[%clk 0:03:48]} 29. fxe5 {[%clk 0:28:04]} Be6 {[%clk 0:02:10]} 30. Rxd8
{[%clk 0:23:32]} Rxd8 {[%clk 0:02:33]} 31. Rxd8+ {[%clk 0:22:37]} Qxd8
{[%clk 0:02:56]} 32. exf6 {[%clk 0:22:53]} Kf7 {[%clk 0:02:06]} 33. Bxb7
{[%clk 0:21:35]} Qxf6 {[%clk 0:02:02]} 34. Qd1 {[%clk 0:14:28]} Qe7
{[%clk 0:00:49]} 35. Qf3+ {[%clk 0:14:34]} Qf6 {[%clk 0:01:02]} 36. Qc6
{[%clk 0:13:34]} Ne7 {[%clk 0:00:43]} 37. Qxb6 {[%clk 0:12:37]} Qa1+
{[%clk 0:00:59]} 38. Kh2 {[%clk 0:11:37]} Qf1 {[%clk 0:00:39]} 39. Qxc5
{[%clk 0:11:41]} Qh3+ {[%clk 0:00:47]} 40. Kg1 {[%clk 0:42:00]} Qxh6
{[%clk 0:30:47]} 41. Qe3 {[%clk 0:40:10]} Qg7 {[%clk 0:30:39]} 42. Qd4
{[%clk 0:40:12]} Qxd4 {[%clk 0:29:15]} 43. Bxd4 {[%clk 0:40:28]} Nf5
{[%clk 0:29:42]} 44. Bf2 {[%clk 0:40:44]} Nd6 {[%clk 0:30:04]} 45. Bc6
{[%clk 0:40:55]} h5 {[%clk 0:30:08]} 46. a5 {[%clk 0:40:58]} Bc8 {[%clk 0:30:22]}
47. Bd5+ {[%clk 0:40:44]} Kf6 {[%clk 0:30:44]} 48. b4 {[%clk 0:40:59]} Ke5
{[%clk 0:31:07]} 49. Be3 {[%clk 0:39:07]} Kf5 {[%clk 0:31:06]} 50. b5
{[%clk 0:39:24]} Kg4 {[%clk 0:31:22]} 51. Bf4 {[%clk 0:39:29]} Nf5
{[%clk 0:31:42]} 52. a6 {[%clk 0:39:46]} 1-0

[Event "MPJ_D16"]
[Site "?"]
[Date "2016.03.17"]
[Round "6.4"]
[White "Kaczmarska, Joanna"]
[Black "Szulc, Patrycja"]
[Result "1-0"]
[BlackElo "1692"]
[WhiteElo "2013"]
[LiveChessVersion "1.4.8"]

1. d4 {[%clk 1:30:57]} Nf6 {[%clk 1:30:50]} 2. c4 {[%clk 1:31:23]} c5
{[%clk 1:31:12]} 3. d5 {[%clk 1:31:48]} e6 {[%clk 1:31:34]} 4. Nc3
{[%clk 1:32:14]} exd5 {[%clk 1:31:56]} 5. cxd5 {[%clk 1:32:35]} d6
{[%clk 1:32:16]} 6. e4 {[%clk 1:32:52]} g6 {[%clk 1:32:25]} 7. f4
{[%clk 1:28:35]} Bg7 {[%clk 1:32:44]} 8. Nf3 {[%clk 1:28:51]} O-O
{[%clk 1:26:54]} 9. Bd3 {[%clk 1:28:43]} b5 {[%clk 1:20:36]} 10. e5
{[%clk 1:23:01]} dxe5 {[%clk 1:18:44]} 11. fxe5 {[%clk 1:23:01]} Nfd7
{[%clk 1:16:24]} 12. Bg5 {[%clk 1:08:52]} Qa5 {[%clk 1:11:27]} 13. d6
{[%clk 0:49:38]} Bb7 {[%clk 1:06:26]} 14. Be7 {[%clk 0:47:58]} Re8
{[%clk 1:00:15]} 15. Bxb5 {[%clk 0:46:53]} a6 {[%clk 0:59:58]} 16. Bc4
{[%clk 0:38:03]} Nb6 {[%clk 0:45:35]} 17. Qb3 {[%clk 0:35:07]} Kh8
{[%clk 0:32:04]} 18. Bxf7 {[%clk 0:23:20]} Bxf3 {[%clk 0:20:56]} 19. gxf3
{[%clk 0:22:38]} c4 {[%clk 0:21:08]} 20. Qc2 {[%clk 0:21:24]} Qxe5+
{[%clk 0:20:52]} 21. Qe4 {[%clk 0:20:08]} Rc8 {[%clk 0:19:29]} 22. Qxe5
{[%clk 0:18:11]} Bxe5 {[%clk 0:19:51]} 23. f4 {[%clk 0:18:17]} Bxc3+
{[%clk 0:18:32]} 24. bxc3 {[%clk 0:18:42]} Kg7 {[%clk 0:18:56]} 25. Be6
{[%clk 0:18:49]} Rc6 {[%clk 0:15:25]} 26. O-O-O {[%clk 0:10:19]} N8d7
{[%clk 0:14:11]} 27. f5 {[%clk 0:10:02]} gxf5 {[%clk 0:10:15]} 28. Rhg1+
{[%clk 0:08:52]} Kh8 {[%clk 0:10:09]} 29. Rg5 {[%clk 0:08:15]} h6
{[%clk 0:07:31]} 30. Rg6 {[%clk 0:07:42]} Kh7 {[%clk 0:07:17]} 31. Rdg1
{[%clk 0:07:40]} Rb8 {[%clk 0:06:46]} 32. Rg7+ {[%clk 0:07:39]} Kh8
{[%clk 0:07:10]} 33. Bxf5 {[%clk 0:07:55]} Nf8 {[%clk 0:06:53]} 34. Rg8#
{[%clk 0:08:12]} 1-0

[Event "MPJ_D16"]
[Site "?"]
[Date "2016.03.17"]
[Round "6.5"]
[White "Kalinowska, Karolina"]
[Black "Szelag, Zuzanna"]
[Result "1-0"]
[BlackElo "1688"]
[WhiteElo "1571"]
[LiveChessVersion "1.4.8"]

1. e4 {[%clk 1:30:57]} c5 {[%clk 1:30:53]} 2. Nf3 {[%clk 1:31:21]} Nc6
{[%clk 1:31:15]} 3. d4 {[%clk 1:31:44]} cxd4 {[%clk 1:31:35]} 4. Nxd4
{[%clk 1:32:07]} g6 {[%clk 1:31:58]} 5. Nc3 {[%clk 1:32:19]} Bg7 {[%clk 1:32:18]}
6. Be3 {[%clk 1:32:42]} Nf6 {[%clk 1:32:34]} 7. Bc4 {[%clk 1:32:53]} O-O
{[%clk 1:32:47]} 8. Bb3 {[%clk 1:33:03]} a5 {[%clk 1:32:58]} 9. O-O
{[%clk 1:33:04]} d6 {[%clk 1:33:10]} 10. h3 {[%clk 1:33:13]} Nxd4
{[%clk 1:33:14]} 11. Bxd4 {[%clk 1:33:06]} Bd7 {[%clk 1:33:24]} 12. a4
{[%clk 1:32:17]} Bc6 {[%clk 1:33:10]} 13. Re1 {[%clk 1:31:40]} Rc8
{[%clk 1:26:00]} 14. Qd3 {[%clk 1:25:31]} Nd7 {[%clk 1:22:41]} 15. Bxg7
{[%clk 1:20:11]} Kxg7 {[%clk 1:23:04]} 16. Nd5 {[%clk 1:19:55]} Nc5
{[%clk 1:13:19]} 17. Qg3 {[%clk 1:12:51]} Nxb3 {[%clk 0:58:29]} 18. Qxb3
{[%clk 1:12:45]} Bxd5 {[%clk 0:57:20]} 19. exd5 {[%clk 1:12:43]} Qc7
{[%clk 0:46:20]} 20. Re2 {[%clk 1:02:13]} Rfe8 {[%clk 0:41:16]} 21. Rae1
{[%clk 1:01:07]} Qd7 {[%clk 0:29:08]} 22. Re4 {[%clk 0:43:16]} Rc5
{[%clk 0:19:05]} 23. R1e2 {[%clk 0:30:25]} Qc7 {[%clk 0:11:47]} 24. Qd3
{[%clk 0:27:25]} Kg8 {[%clk 0:08:29]} 25. c4 {[%clk 0:23:50]} Qd7
{[%clk 0:07:39]} 26. b3 {[%clk 0:23:48]} Qf5 {[%clk 0:06:56]} 27. Qe3
{[%clk 0:24:03]} Rc7 {[%clk 0:07:07]} 28. Qb6 {[%clk 0:23:56]} Qd7
{[%clk 0:05:46]} 29. Qxa5 {[%clk 0:23:42]} Rc5 {[%clk 0:05:38]} 30. Qe1
{[%clk 0:21:58]} Rc7 {[%clk 0:06:03]} 31. R2e3 {[%clk 0:20:28]} Qd8
{[%clk 0:04:12]} 32. h4 {[%clk 0:15:13]} h5 {[%clk 0:03:53]} 33. Qe2
{[%clk 0:14:57]} Qd7 {[%clk 0:02:44]} 34. Rg3 {[%clk 0:15:06]} Kh7
{[%clk 0:02:56]} 35. Rg5 {[%clk 0:13:54]} Kh6 {[%clk 0:02:14]} 36. Qe3
{[%clk 0:06:09]} Kh7 {[%clk 0:02:32]} 37. Qf3 {[%clk 0:04:53]} e5
{[%clk 0:01:35]} 38. g4 {[%clk 0:04:01]} hxg4 {[%clk 0:01:16]} 39. Rexg4
{[%clk 0:04:11]} Rg8 {[%clk 0:00:39]} 40. h5 {[%clk 0:32:08]} Qe8
{[%clk 0:30:37]} 41. Qf6 {[%clk 0:27:56]} Rg7 {[%clk 0:28:23]} 42. h6
{[%clk 0:27:27]} Rg8 {[%clk 0:28:43]} 43. Qxd6 {[%clk 0:25:29]} Re7
{[%clk 0:27:45]} 44. Qf6 {[%clk 0:23:18]} Qd7 {[%clk 0:26:46]} 45. Re4
{[%clk 0:19:12]} Ree8 {[%clk 0:23:26]} 46. Kg2 {[%clk 0:19:08]} Qc7
{[%clk 0:22:30]} 47. Rgxe5 {[%clk 0:17:47]} Rxe5 {[%clk 0:22:51]} 48. Rxe5
{[%clk 0:17:07]} Qd7 {[%clk 0:23:15]} 49. Kg3 {[%clk 0:16:35]} Kxh6
{[%clk 0:22:42]} 50. Re7 {[%clk 0:16:03]} Qd8 {[%clk 0:21:57]} 51. Qxf7
{[%clk 0:15:13]} 1-0

[Event "MPJ_D16"]
[Site "?"]
[Date "2016.03.17"]
[Round "6.6"]
[White "Kindler, Karolina"]
[Black "Krzysztynska, Anna"]
[Result "1-0"]
[BlackElo "1643"]
[WhiteElo "1597"]
[LiveChessVersion "1.4.8"]

1. Nf3 {[%clk 1:30:56]} Nc6 {[%clk 1:30:54]} 2. e3 {[%clk 1:31:15]} d5
{[%clk 1:31:07]} 3. b3 {[%clk 1:31:29]} e5 {[%clk 1:29:33]} 4. Bb2
{[%clk 1:31:18]} e4 {[%clk 1:25:32]} 5. Nd4 {[%clk 1:28:42]} Bd7 {[%clk 1:24:23]}
6. Nxc6 {[%clk 1:26:49]} Bxc6 {[%clk 1:24:41]} 7. c4 {[%clk 1:26:55]} Nf6
{[%clk 1:21:43]} 8. Qc2 {[%clk 1:20:58]} Be7 {[%clk 1:16:51]} 9. Be2
{[%clk 1:19:59]} O-O {[%clk 1:15:52]} 10. O-O {[%clk 1:20:19]} Re8
{[%clk 1:08:07]} 11. d4 {[%clk 1:18:18]} Rc8 {[%clk 1:01:56]} 12. Nc3
{[%clk 1:17:11]} a6 {[%clk 0:53:44]} 13. Rfe1 {[%clk 1:14:53]} Qd7
{[%clk 0:51:56]} 14. a3 {[%clk 1:09:38]} Qf5 {[%clk 0:39:08]} 15. cxd5
{[%clk 1:01:57]} Bxd5 {[%clk 0:37:36]} 16. Nxd5 {[%clk 1:01:48]} Nxd5
{[%clk 0:37:50]} 17. b4 {[%clk 0:59:30]} Bd6 {[%clk 0:36:00]} 18. h3
{[%clk 0:58:16]} Qg5 {[%clk 0:34:07]} 19. Bc4 {[%clk 0:55:08]} Nf6
{[%clk 0:29:53]} 20. Qe2 {[%clk 0:50:15]} c6 {[%clk 0:28:37]} 21. Rac1
{[%clk 0:49:34]} Bc7 {[%clk 0:27:29]} 22. a4 {[%clk 0:48:16]} Nd5
{[%clk 0:24:01]} 23. Bxd5 {[%clk 0:39:03]} cxd5 {[%clk 0:24:14]} 24. b5
{[%clk 0:37:39]} a5 {[%clk 0:24:13]} 25. Ba3 {[%clk 0:37:26]} h5 {[%clk 0:17:43]}
26. Rc5 {[%clk 0:36:10]} g6 {[%clk 0:12:53]} 27. Rec1 {[%clk 0:36:18]} Re7
{[%clk 0:12:14]} 28. b6 {[%clk 0:36:29]} Re6 {[%clk 0:11:01]} 29. Rxc7
{[%clk 0:36:44]} Rb8 {[%clk 0:10:45]} 30. Rc8+ {[%clk 0:36:56]} Rxc8
{[%clk 0:10:40]} 31. Rxc8+ {[%clk 0:37:21]} Kh7 {[%clk 0:10:55]} 32. Qb5
{[%clk 0:37:03]} Qf5 {[%clk 0:10:36]} 33. Rc7 {[%clk 0:34:39]} Rf6
{[%clk 0:09:52]} 34. Qb2 {[%clk 0:34:52]} g5 {[%clk 0:09:47]} 35. Re7
{[%clk 0:32:23]} g4 {[%clk 0:09:42]} 36. Re5 {[%clk 0:31:09]} Qg6
{[%clk 0:10:03]} 37. h4 {[%clk 0:26:52]} g3 {[%clk 0:07:33]} 38. Rg5
{[%clk 0:23:21]} gxf2+ {[%clk 0:06:56]} 39. Kf1 {[%clk 0:23:40]} Qh6
{[%clk 0:06:38]} 40. Qe2 {[%clk 0:53:50]} 1-0

[Event "MPJ_D16"]
[Site "?"]
[Date "2016.03.17"]
[Round "6.7"]
[White "Daliga, Anita"]
[Black "Ciesinska, Weronika"]
[Result "1-0"]
[BlackElo "1584"]
[WhiteElo "1632"]
[LiveChessVersion "1.4.8"]

1. e4 {[%clk 1:30:47]} c5 {[%clk 1:30:59]} 2. Nf3 {[%clk 1:31:05]} d6
{[%clk 1:31:23]} 3. d4 {[%clk 1:31:27]} cxd4 {[%clk 1:31:49]} 4. Nxd4
{[%clk 1:31:41]} Nf6 {[%clk 1:32:14]} 5. Nc3 {[%clk 1:31:39]} g6 {[%clk 1:32:37]}
6. Be2 {[%clk 1:31:53]} Bg7 {[%clk 1:32:59]} 7. O-O {[%clk 1:32:02]} O-O
{[%clk 1:33:18]} 8. Bg5 {[%clk 1:30:27]} h6 {[%clk 1:27:12]} 9. Bh4
{[%clk 1:30:15]} Nc6 {[%clk 1:23:23]} 10. Nb3 {[%clk 1:29:49]} Be6
{[%clk 1:08:32]} 11. f4 {[%clk 1:27:00]} Na5 {[%clk 1:04:57]} 12. f5
{[%clk 1:10:03]} Bd7 {[%clk 0:58:13]} 13. fxg6 {[%clk 1:03:46]} Nxb3
{[%clk 0:52:05]} 14. gxf7+ {[%clk 1:02:43]} Kh8 {[%clk 0:51:21]} 15. axb3
{[%clk 1:02:29]} Be6 {[%clk 0:49:12]} 16. Qd2 {[%clk 0:59:07]} Rxf7
{[%clk 0:46:26]} 17. Bxf6 {[%clk 0:42:57]} Rxf6 {[%clk 0:44:04]} 18. Rxf6
{[%clk 0:42:19]} exf6 {[%clk 0:44:19]} 19. Rd1 {[%clk 0:41:40]} Qb6+
{[%clk 0:41:54]} 20. Kh1 {[%clk 0:40:50]} Rd8 {[%clk 0:41:47]} 21. Qf4
{[%clk 0:36:26]} a6 {[%clk 0:37:44]} 22. Bg4 {[%clk 0:34:32]} Bxg4
{[%clk 0:34:52]} 23. Qxg4 {[%clk 0:34:55]} Qf2 {[%clk 0:32:32]} 24. Qe2
{[%clk 0:33:44]} Qxe2 {[%clk 0:31:24]} 25. Nxe2 {[%clk 0:34:08]} Re8
{[%clk 0:30:59]} 26. Ng3 {[%clk 0:33:16]} Bf8 {[%clk 0:30:19]} 27. Kg1
{[%clk 0:31:50]} Rc8 {[%clk 0:30:17]} 28. c3 {[%clk 0:31:43]} Rc6
{[%clk 0:30:26]} 29. b4 {[%clk 0:30:23]} Rb6 {[%clk 0:29:53]} 30. Rd5
{[%clk 0:29:20]} Rc6 {[%clk 0:29:03]} 31. Kf2 {[%clk 0:28:01]} Kh7
{[%clk 0:27:39]} 32. Kf3 {[%clk 0:27:49]} Rc8 {[%clk 0:26:43]} 33. Nf5
{[%clk 0:27:40]} Rd8 {[%clk 0:24:48]} 34. Nd4 {[%clk 0:26:50]} Rd7
{[%clk 0:24:06]} 35. Kf4 {[%clk 0:24:35]} Kg6 {[%clk 0:21:22]} 36. Nf3
{[%clk 0:23:48]} Rg7 {[%clk 0:19:29]} 37. g3 {[%clk 0:22:53]} Kf7
{[%clk 0:18:23]} 38. Nd4 {[%clk 0:21:23]} Rg6 {[%clk 0:14:52]} 39. Nb3
{[%clk 0:18:54]} Ke6 {[%clk 0:13:47]} 40. Na5 {[%clk 0:47:31]} Rg7
{[%clk 0:43:05]} 41. Nc4 {[%clk 0:47:15]} Rh7 {[%clk 0:41:45]} 42. Ne3
{[%clk 0:46:21]} h5 {[%clk 0:40:13]} 43. Kf3 {[%clk 0:42:32]} h4 {[%clk 0:37:14]}
44. g4 {[%clk 0:42:03]} Rh8 {[%clk 0:33:20]} 45. Nf5 {[%clk 0:40:14]} Rh7
{[%clk 0:29:54]} 46. Kg2 {[%clk 0:38:52]} h3+ {[%clk 0:28:09]} 47. Kg3
{[%clk 0:38:54]} Kd7 {[%clk 0:26:27]} 48. Nd4 {[%clk 0:38:10]} b6
{[%clk 0:24:16]} 49. Ne2 {[%clk 0:37:38]} Bg7 {[%clk 0:23:47]} 50. Rf5
{[%clk 0:36:40]} b5 {[%clk 0:22:30]} 51. Ng1 {[%clk 0:35:33]} Ke7
{[%clk 0:21:06]} 52. Nxh3 {[%clk 0:35:15]} Rh8 {[%clk 0:20:15]} 53. Nf4
{[%clk 0:34:32]} Rh6 {[%clk 0:16:35]} 54. Rh5 {[%clk 0:32:53]} Rxh5
{[%clk 0:16:07]} 55. Nxh5 {[%clk 0:33:12]} Bh6 {[%clk 0:16:29]} 56. Nf4
{[%clk 0:33:20]} Kd7 {[%clk 0:14:28]} 57. Kf3 {[%clk 0:30:21]} Kc6
{[%clk 0:13:35]} 58. Nd5 {[%clk 0:28:22]} Bg5 {[%clk 0:11:37]} 59. b3
{[%clk 0:28:14]} Kd7 {[%clk 0:11:34]} 60. Kg3 {[%clk 0:27:51]} Ke6
{[%clk 0:11:14]} 61. h4 {[%clk 0:27:38]} Bd2 {[%clk 0:11:01]} 62. Kf3
{[%clk 0:27:38]} Ke5 {[%clk 0:10:41]} 63. h5 {[%clk 0:27:13]} Bg5
{[%clk 0:10:15]} 64. Ne3 {[%clk 0:26:41]} Ke6 {[%clk 0:10:09]} 65. Nf5
{[%clk 0:26:09]} Kf7 {[%clk 0:08:44]} 66. Nxd6+ {[%clk 0:25:47]} Kg7
{[%clk 0:08:42]} 67. Nf5+ {[%clk 0:25:27]} Kh7 {[%clk 0:08:53]} 68. Ke2
{[%clk 0:25:00]} Bf4 {[%clk 0:08:35]} 69. Kd3 {[%clk 0:25:06]} 1-0

[Event "MPJ_D16"]
[Site "?"]
[Date "2016.03.17"]
[Round "6.8"]
[White "Wojcik, Jagoda"]
[Black "Ossolinska, Matylda"]
[Result "1-0"]
[BlackElo "1613"]
[WhiteElo "1510"]
[LiveChessVersion "1.4.8"]

1. e4 {[%clk 1:30:58]} e6 {[%clk 1:30:49]} 2. d4 {[%clk 1:31:21]} d5
{[%clk 1:31:10]} 3. Nc3 {[%clk 1:31:35]} Nf6 {[%clk 1:31:20]} 4. e5
{[%clk 1:28:01]} Nfd7 {[%clk 1:31:19]} 5. Nf3 {[%clk 1:26:42]} c5
{[%clk 1:30:06]} 6. Bf4 {[%clk 1:23:29]} a6 {[%clk 1:21:24]} 7. a4
{[%clk 1:20:21]} Nc6 {[%clk 1:20:03]} 8. Ne2 {[%clk 1:16:04]} Qb6
{[%clk 1:14:18]} 9. c3 {[%clk 1:10:16]} cxd4 {[%clk 1:08:14]} 10. cxd4
{[%clk 1:10:29]} Qxb2 {[%clk 1:06:56]} 11. Rb1 {[%clk 1:10:51]} Qa3
{[%clk 1:04:37]} 12. Bc1 {[%clk 1:09:35]} Qe7 {[%clk 1:00:50]} 13. Nc3
{[%clk 1:07:18]} Qd8 {[%clk 0:57:41]} 14. Be2 {[%clk 1:06:03]} Be7
{[%clk 0:56:36]} 15. O-O {[%clk 1:05:21]} O-O {[%clk 0:54:36]} 16. Qd2
{[%clk 1:01:49]} Re8 {[%clk 0:49:36]} 17. Qf4 {[%clk 0:57:45]} f6
{[%clk 0:45:14]} 18. Qg4 {[%clk 0:56:00]} f5 {[%clk 0:41:37]} 19. Qg3
{[%clk 0:56:00]} Nf8 {[%clk 0:38:10]} 20. h4 {[%clk 0:52:16]} Kh8
{[%clk 0:33:35]} 21. Ng5 {[%clk 0:47:17]} Bxg5 {[%clk 0:31:40]} 22. Bxg5
{[%clk 0:47:40]} Qd7 {[%clk 0:30:34]} 23. Bh5 {[%clk 0:42:49]} g6
{[%clk 0:29:06]} 24. Bf6+ {[%clk 0:42:35]} Kg8 {[%clk 0:29:28]} 25. Bd1
{[%clk 0:41:22]} Nxd4 {[%clk 0:27:06]} 26. h5 {[%clk 0:40:46]} Qf7
{[%clk 0:25:31]} 27. hxg6 {[%clk 0:40:38]} hxg6 {[%clk 0:24:36]} 28. Qh4
{[%clk 0:40:47]} Nh7 {[%clk 0:21:05]} 29. Qxd4 {[%clk 0:40:58]} Nxf6
{[%clk 0:21:32]} 30. exf6 {[%clk 0:41:20]} g5 {[%clk 0:20:21]} 31. Re1
{[%clk 0:38:47]} Kh7 {[%clk 0:18:58]} 32. Re3 {[%clk 0:37:59]} Qg6
{[%clk 0:16:54]} 33. Rh3+ {[%clk 0:37:53]} Kg8 {[%clk 0:17:19]} 34. Bh5
{[%clk 0:37:49]} e5 {[%clk 0:17:02]} 35. Qxd5+ {[%clk 0:36:36]} Be6
{[%clk 0:17:28]} 36. Bxg6 {[%clk 0:35:06]} Bxd5 {[%clk 0:17:50]} 37. Bxe8
{[%clk 0:35:32]} Rxe8 {[%clk 0:17:40]} 38. Nxd5 {[%clk 0:35:57]} g4
{[%clk 0:18:01]} 39. Rh5 {[%clk 0:35:30]} f4 {[%clk 0:18:25]} 40. Rg5+
{[%clk 1:05:45]} Kf7 {[%clk 0:48:51]} 41. Rxb7+ {[%clk 1:05:09]} Ke6
{[%clk 0:49:13]} 42. f7 {[%clk 1:05:25]} Rf8 {[%clk 0:49:31]} 43. Rg8
{[%clk 1:05:41]} Rxf7 {[%clk 0:49:52]} 44. Rxf7 {[%clk 1:06:05]} Kxd5
{[%clk 0:50:17]} 1-0